[Event "ENCI Limburg-open B"]
[Site "Maastricht"]
[Date "2010.05.22"]
[Round "2"]
[White "Gunther, Justin"]
[Black "Capone, Nicola"]
[Result "1-0"]
[WhiteElo "1996"]
[BlackElo "1852"]
[PlyCount "73"]
[EventDate "2010.05.21"]
[EventType "swiss"]
[EventRounds "7"]
[EventCountry "NED"]
[Source "P.Boonen"]
[SourceDate "2010.10.01"]

1. e4 c5 2. Nf3 d6 3. d4 cxd4 4. Nxd4 Nf6 5. Nc3 g6 6. Be3 Bg7 7. f3 O-O 8. Bc4
a6 9. Qd2 b5 10. Bb3 Bd7 11. O-O-O Nc6 12. h4 h5 13. Rdg1 Ne5 14. g4 hxg4 15.
h5 Nxh5 16. Bh6 Kh7 17. Bxg7 Kxg7 18. f4 Nc4 19. Bxc4 bxc4 20. f5 Rh8 21. Rxg4
Nf6 22. Rgg1 Qb6 23. fxg6 Rxh1 24. Rxh1 fxg6 25. Nd5 Nxd5 26. exd5 Rb8 27. Qc3
Kf7 28. Nf3 Rg8 29. Rh7+ Kf8 30. Qe1 Qd8 31. Ng5 Bf5 32. Nf7 Qe8 33. Nh6 e5 34.
Nxg8 Kxg8 35. Rb7 Qa4 36. Qf2 Qxa2 37. Qb6 1-0

[Event "ENCI Limburg-open B"]
[Site "Maastricht"]
[Date "2010.05.22"]
[Round "2"]
[White "Hauglustaine, Sander"]
[Black "Bieberle, Gerhart"]
[Result "1-0"]
[WhiteElo "1782"]
[BlackElo "1947"]
[PlyCount "89"]
[EventDate "2010.05.21"]
[EventType "swiss"]
[EventRounds "7"]
[EventCountry "NED"]
[Source "P.Boonen"]
[SourceDate "2010.10.01"]

1. e4 e6 2. d4 d5 3. Nc3 dxe4 4. Nxe4 Nf6 5. Bd3 Nc6 6. Nf3 Be7 7. Bg5 a6 8.
O-O Nd5 9. Bxe7 Ncxe7 10. Qd2 Ng6 11. Rfe1 O-O 12. Neg5 Qd6 13. Ne5 Nde7 14. c3
b5 15. Qe2 Nf5 16. Bxf5 exf5 17. Qh5 h6 18. Ngxf7 Rxf7 19. Qxg6 Qxg6 20. Nxg6
Kh7 21. Ne5 Rf6 22. Nd3 Be6 23. Nc5 Bd5 24. Re7 c6 25. b3 a5 26. a3 h5 27. f3
Rf7 28. Rae1 Ra7 29. Re8 Rf6 30. Kf2 Bf7 31. R8e7 Rxe7 32. Rxe7 Bg8 33. Ra7 b4
34. cxb4 axb4 35. a4 f4 36. Rb7 Rd6 37. Rxb4 Rd8 38. a5 Kh6 39. a6 g5 40. a7
Ra8 41. Rb7 Bd5 42. Re7 g4 43. Nd7 g3+ 44. hxg3 fxg3+ 45. Kxg3 1-0

[Event "ENCI Limburg-open B"]
[Site "Maastricht"]
[Date "2010.05.22"]
[Round "2"]
[White "Heijenrath, Jan"]
[Black "Maassen van de Brink, Koen"]
[Result "0-1"]
[WhiteElo "1749"]
[BlackElo "1824"]
[PlyCount "124"]
[EventDate "2010.05.21"]
[EventType "swiss"]
[EventRounds "7"]
[EventCountry "NED"]
[Source "P.Boonen"]
[SourceDate "2010.10.01"]

1. d4 Nf6 2. c4 c5 3. d5 b5 4. cxb5 a6 5. Nc3 axb5 6. Nxb5 Qa5+ 7. Nc3 Ba6 8.
g3 d6 9. Bg2 g6 10. Qa4+ Qxa4 11. Nxa4 Nbd7 12. Nc3 Bg7 13. Nf3 Nb6 14. Nd2 Bb7
15. e4 Ba6 16. Bf1 Bxf1 17. Kxf1 O-O 18. Kg2 Ng4 19. h3 Ne5 20. Nf3 Nd3 21. Rd1
Nxc1 22. Raxc1 Na4 23. Nxa4 Rxa4 24. e5 Rb8 25. a3 Rxb2 26. Rb1 Rxb1 27. Rxb1
Bxe5 28. Nxe5 dxe5 29. Rb8+ Kg7 30. Rc8 Rxa3 31. Rxc5 Rd3 32. Rc7 Rxd5 33. Rxe7
Kf6 34. Ra7 g5 35. Kf3 Rd4 36. Ke3 h5 37. Rb7 Kg6 38. Re7 f6 39. Ra7 Rb4 40.
Re7 h4 41. Kf3 hxg3 42. fxg3 Rb3+ 43. Kf2 Rb2+ 44. Kg1 Re2 45. Re6 Kf7 46. Ra6
Rd2 47. g4 Ke7 48. Ra3 Ke6 49. Kf1 e4 50. Ra5 Rd5 51. Ra8 Ke5 52. Ke2 Rb5 53.
Re8+ Kd4 54. Rd8+ Ke5 55. Re8+ Kf4 56. Rf8 Rb6 57. Re8 Rb2+ 58. Kf1 Kf3 59. Ke1
e3 60. Kd1 Kf2 61. Kc1 Rb6 62. Kc2 e2 0-1

[Event "ENCI Limburg-open B"]
[Site "Maastricht"]
[Date "2010.05.22"]
[Round "2"]
[White "Hemmes, Maarten"]
[Black "Ibrahim, Ashraf"]
[Result "1-0"]
[WhiteElo "1735"]
[BlackElo "1819"]
[PlyCount "99"]
[EventDate "2010.05.21"]
[EventType "swiss"]
[EventRounds "7"]
[EventCountry "NED"]
[Source "P.Boonen"]
[SourceDate "2010.10.01"]

1. e4 d5 2. exd5 Qxd5 3. Nc3 Qa5 4. d4 Nf6 5. Bc4 e6 6. Bd2 c6 7. Nd5 Qd8 8.
Nxf6+ gxf6 9. Qe2 Nd7 10. O-O-O Qe7 11. f4 Nb6 12. Bb3 Bd7 13. Nf3 Bh6 14. Rhe1
O-O-O 15. g3 Kb8 16. a3 Nd5 17. c4 Nc7 18. Kb1 Bc8 19. Bc3 Bg7 20. Nd2 Rhe8 21.
Ne4 b6 22. Bb4 Qd7 23. Nd6 Rg8 24. c5 Ba6 25. Qh5 Nd5 26. Bxd5 cxd5 27. Nxf7
Rc8 28. Nh6 Rge8 29. Ng4 bxc5 30. Bxc5 f5 31. Ne5 Bxe5 32. Rxe5 Ka8 33. Qf3 Rb8
34. Rde1 Qb5 35. Qc3 Qd3+ 36. Qxd3 Bxd3+ 37. Kc1 Be4 38. Re3 Rb5 39. Rc3 Kb7
40. b4 a5 41. Kb2 axb4 42. axb4 Kc7 43. Ra3 Rb7 44. Ra6 h5 45. Rexe6 Rxe6 46.
Rxe6 Kd8 47. Rh6 Bf3 48. Ka3 Rg7 49. b5 Kc8 50. Kb4 1-0

[Event "ENCI Limburg-open B"]
[Site "Maastricht"]
[Date "2010.05.22"]
[Round "2"]
[White "Kalla, Christian"]
[Black "Thoma, Sophia"]
[Result "0-1"]
[WhiteElo "1968"]
[BlackElo "1894"]
[PlyCount "62"]
[EventDate "2010.05.21"]
[EventType "swiss"]
[EventRounds "7"]
[EventCountry "NED"]
[Source "P.Boonen"]
[SourceDate "2010.10.01"]

1. e4 e6 2. d4 d5 3. Nd2 dxe4 4. Nxe4 Nd7 5. Nf3 Ngf6 6. Bd3 b6 7. O-O Bb7 8.
Qe2 Be7 9. c3 O-O 10. Nxf6+ Bxf6 11. Bf4 c5 12. Be4 Bxe4 13. Qxe4 cxd4 14. cxd4
Be7 15. Rac1 Nf6 16. Qb7 Nd5 17. Bg3 Bd6 18. Ne5 Bxe5 19. dxe5 Qg5 20. Rfd1 h5
21. Rc4 a6 22. Rdc1 b5 23. f4 Qg4 24. Rc8 Raxc8 25. Rxc8 Qd1+ 26. Kf2 Qd2+ 27.
Kg1 Rxc8 28. Qxc8+ Kh7 29. Qxa6 Ne3 30. Qc6 Qd4 31. Kf2 Ng4+ 0-1

[Event "ENCI Limburg-open B"]
[Site "Maastricht"]
[Date "2010.05.22"]
[Round "2"]
[White "Keetman, Dennis"]
[Black "Strauss, Erich"]
[Result "1-0"]
[WhiteElo "1886"]
[BlackElo "1781"]
[PlyCount "59"]
[EventDate "2010.05.21"]
[EventType "swiss"]
[EventRounds "7"]
[EventCountry "NED"]
[Source "P.Boonen"]
[SourceDate "2010.10.01"]

1. e4 c6 2. d4 d6 3. Nf3 g6 4. Nc3 Bg7 5. Bc4 b5 6. Bb3 Nf6 7. e5 dxe5 8. Nxe5
O-O 9. Bf4 b4 10. Ne2 Nd5 11. O-O Ba6 12. Bg3 Qb6 13. Re1 e6 14. Qd2 Rd8 15.
Rad1 Nd7 16. Bxd5 cxd5 17. Bh4 f6 18. Ng4 g5 19. Bg3 h5 20. Nxf6+ Bxf6 21. f4
g4 22. f5 exf5 23. Nf4 Bg5 24. Qf2 Nf6 25. Ne6 f4 26. Nxg5 fxg3 27. Qf5 gxh2+
28. Kh1 Re8 29. Qg6+ Kh8 30. Nf7# 1-0

[Event "ENCI Limburg-open B"]
[Site "Maastricht"]
[Date "2010.05.22"]
[Round "2"]
[White "Kuck, Ulrich"]
[Black "Visser, Sebastiaan"]
[Result "1-0"]
[WhiteElo "1951"]
[BlackElo "1731"]
[PlyCount "61"]
[EventDate "2010.05.21"]
[EventType "swiss"]
[EventRounds "7"]
[EventCountry "NED"]
[Source "P.Boonen"]
[SourceDate "2010.10.01"]

1. e4 c6 2. c4 d5 3. cxd5 cxd5 4. exd5 Nf6 5. Nc3 Nxd5 6. Nf3 Bg4 7. Qa4+ Bd7
8. Qb3 Nb6 9. d4 g6 10. Ng5 e6 11. Nge4 Bc6 12. Be3 Nd5 13. Bb5 Nxe3 14. fxe3
Bxb5 15. Qxb5+ Nd7 16. O-O f5 17. Nc5 Bxc5 18. dxc5 Qc7 19. Rad1 Rd8 20. Rd6
Qxc5 21. Rxd7 Qxe3+ 22. Kh1 Rxd7 23. Rd1 O-O 24. Qxd7 Qb6 25. h3 Qxb2 26. Qxe6+
Kg7 27. Rd7+ Kh6 28. Qe3+ f4 29. Qe7 Rf5 30. Qxh7+ Kg5 31. Ne4# 1-0

[Event "ENCI Limburg-open B"]
[Site "Maastricht"]
[Date "2010.05.22"]
[Round "2"]
[White "Lenaerts, Lennert"]
[Black "Stern, Geoffrey"]
[Result "1-0"]
[WhiteElo "1758"]
[BlackElo "1956"]
[PlyCount "81"]
[EventDate "2010.05.21"]
[EventType "swiss"]
[EventRounds "7"]
[EventCountry "NED"]
[Source "P.Boonen"]
[SourceDate "2010.10.01"]

1. d4 d5 2. Nf3 Nf6 3. e3 Bf5 4. c4 c6 5. Nc3 e6 6. Qb3 Qc7 7. Be2 Nbd7 8. O-O
Bd6 9. Bd2 O-O 10. cxd5 exd5 11. Rac1 a6 12. h3 Rfe8 13. a3 h6 14. Qa2 Nf8 15.
b4 Qe7 16. Na4 Ne4 17. Nc5 Rab8 18. a4 Ne6 19. Bd3 N6g5 20. Nxg5 Qxg5 21. f4
Qg6 22. Kh2 Qg3+ 23. Kh1 Qg6 24. Kh2 h5 25. Rf3 Be7 26. Be1 Nd6 27. Bxf5 Qxf5
28. Qc2 Qxc2 29. Rxc2 g6 30. g4 hxg4 31. hxg4 Kg7 32. f5 Rh8+ 33. Kg1 Bg5 34.
Bg3 Rbd8 35. Be5+ Bf6 36. fxg6 Bxe5 37. dxe5 Nc4 38. gxf7 Nxe5 39. Ne6+ Kg6 40.
f8=Q Rdxf8 41. Nxf8+ 1-0

[Event "ENCI Limburg-open B"]
[Site "Maastricht"]
[Date "2010.05.22"]
[Round "2"]
[White "Liston, Mike"]
[Black "Broekhuis, Jan"]
[Result "1-0"]
[WhiteElo "1705"]
[BlackElo "1866"]
[PlyCount "85"]
[EventDate "2010.05.21"]
[EventType "swiss"]
[EventRounds "7"]
[EventCountry "NED"]
[Source "P.Boonen"]
[SourceDate "2010.10.01"]

1. e4 e6 2. d4 d5 3. Nc3 dxe4 4. Nxe4 Nd7 5. Nf3 Be7 6. Bd3 Ngf6 7. O-O Nxe4 8.
Bxe4 Nf6 9. Bd3 O-O 10. c3 b6 11. Qc2 Bb7 12. Ng5 h6 13. Nh7 Nxh7 14. Bxh7+ Kh8
15. Be4 c6 16. Be3 f5 17. Bf3 Bd6 18. Rae1 Qc7 19. g3 Rae8 20. Bc1 Ba6 21. c4
c5 22. d5 e5 23. b3 Bc8 24. Bh5 Re7 25. f4 e4 26. h3 Kh7 27. Bd1 g6 28. Rf2 g5
29. Ref1 e3 30. Rf3 gxf4 31. gxf4 Rg8+ 32. Kh1 Re4 33. Bxe3 Qe7 34. Qf2 Re8 35.
Bd2 Bd7 36. Rg1 Qf8 37. Qg2 Qf7 38. Rg3 Bf8 39. Bh5 Qe7 40. Bg6+ Kh8 41. Bc3+
Rd4 42. Bxe8 Bxe8 43. Rg8+ 1-0

[Event "ENCI Limburg-open B"]
[Site "Maastricht"]
[Date "2010.05.22"]
[Round "2"]
[White "Moog, Gerhard"]
[Black "De Wit, Albert"]
[Result "1-0"]
[WhiteElo "1821"]
[BlackElo "1955"]
[PlyCount "59"]
[EventDate "2010.05.21"]
[EventType "swiss"]
[EventRounds "7"]
[EventCountry "NED"]
[Source "P.Boonen"]
[SourceDate "2010.10.01"]

1. e4 g6 2. d4 Bg7 3. Nf3 c6 4. c4 d5 5. exd5 cxd5 6. Nc3 Nf6 7. Qb3 O-O 8.
cxd5 Nbd7 9. Bg5 Nb6 10. Bxf6 Bxf6 11. O-O-O Bg4 12. Be2 Qd6 13. h3 Qf4+ 14.
Kb1 Bxf3 15. Bxf3 Bxd4 16. Ne4 Bg7 17. Rhe1 Rac8 18. g3 Qe5 19. Bg4 f5 20. Nc3
Qd6 21. Re6 Qc5 22. d6 fxg4 23. dxe7 Rfe8 24. Rc6+ Kh8 25. Rxc5 Rxc5 26. Qf7
Rcc8 27. Ne4 Nc4 28. Nf6 Ne5 29. Qxe8+ Rxe8 30. Nxe8 1-0

[Event "ENCI Limburg-open B"]
[Site "Maastricht"]
[Date "2010.05.22"]
[Round "2"]
[White "Mueller, Claudia"]
[Black "Van Herck, Raf"]
[Result "1-0"]
[WhiteElo "2033"]
[BlackElo "1683"]
[PlyCount "79"]
[EventDate "2010.05.21"]
[EventType "swiss"]
[EventRounds "7"]
[EventCountry "NED"]
[Source "P.Boonen"]
[SourceDate "2010.10.01"]

1. e4 c5 2. f4 g6 3. Nf3 d6 4. Nc3 Nf6 5. Bc4 Bg7 6. e5 dxe5 7. fxe5 Ng4 8. e6
Bxe6 9. Bxe6 fxe6 10. Qe2 Nc6 11. Qxe6 Nd4 12. Nxd4 Qxd4 13. Ne4 Nf6 14. Nf2
Nd5 15. O-O Rf8 16. d3 Nf4 17. Bxf4 Qxf4 18. c3 Qd6 19. Qh3 h6 20. Rfe1 b6 21.
Re4 Rf7 22. Rae1 Qd7 23. Qe3 O-O-O 24. Rxe7 Rxe7 25. Qxe7 Qxe7 26. Rxe7 Rd7 27.
Re6 g5 28. Kf1 Kd8 29. Ke2 Re7 30. Re4 Rxe4+ 31. dxe4 Ke7 32. Kf3 Ke6 33. Kg4
Ke5 34. Kh5 Kf4 35. Kg6 Bf8 36. Kf7 Bd6 37. Ke6 Bb8 38. Kd5 g4 39. e5 Kf5 40.
Nxg4 1-0

[Event "ENCI Limburg-open B"]
[Site "Maastricht"]
[Date "2010.05.22"]
[Round "2"]
[White "Mueller, Sven"]
[Black "Eijk, Yuri"]
[Result "0-1"]
[WhiteElo "1855"]
[BlackElo "1966"]
[PlyCount "110"]
[EventDate "2010.05.21"]
[EventType "swiss"]
[EventRounds "7"]
[EventCountry "NED"]
[Source "P.Boonen"]
[SourceDate "2010.10.01"]

1. d4 d5 2. c4 c6 3. Nc3 Nf6 4. Nf3 dxc4 5. a4 Bf5 6. e3 e6 7. Bxc4 Bb4 8. O-O
Nbd7 9. Nd2 O-O 10. Re1 e5 11. Nb3 Qc7 12. Bd2 Rad8 13. Qe2 Nb6 14. Ne4 Be7 15.
Nxf6+ Bxf6 16. dxe5 Bxe5 17. Bb4 Bxh2+ 18. Kh1 Bd6 19. Ba5 Qe7 20. f4 Rfe8 21.
Nd4 Qh4+ 22. Kg1 Bg4 23. Qc2 c5 24. Bxb6 axb6 25. Nf5 Bxf5 26. Qxf5 Qg3 27. Rf1
Qxe3+ 28. Kh1 Qe4 29. Qxe4 Rxe4 30. Bd5 Rb4 31. b3 Re8 32. Bc4 Kf8 33. Rad1
Rxc4 34. bxc4 Re6 35. g3 g6 36. Rfe1 Ke7 37. Rxe6+ Kxe6 38. Rd5 h5 39. Kg2 h4
40. Kh3 hxg3 41. Kxg3 f6 42. Kg4 Bc7 43. Rd1 Bd6 44. Rh1 Be7 45. Rh6 f5+ 46.
Kf3 Kf6 47. Rh8 Bd6 48. Rh7 Be7 49. Rh1 Ke6 50. Rb1 Bd8 51. Ke2 Bc7 52. Ke3 Bd8
53. Rh1 g5 54. Rh6+ Kd7 55. fxg5 Bxg5+ 0-1

[Event "ENCI Limburg-open B"]
[Site "Maastricht"]
[Date "2010.05.22"]
[Round "2"]
[White "Perrenet, Jacob"]
[Black "Camps, Jeroen"]
[Result "1-0"]
[WhiteElo "1986"]
[BlackElo "1849"]
[PlyCount "129"]
[EventDate "2010.05.21"]
[EventType "swiss"]
[EventRounds "7"]
[EventCountry "NED"]
[Source "P.Boonen"]
[SourceDate "2010.10.01"]

1. Nc3 c5 2. d4 cxd4 3. Qxd4 Nc6 4. Qh4 Nf6 5. Bg5 d5 6. O-O-O Be6 7. Nf3 Qa5
8. e3 Ne4 9. Nd4 Nxd4 10. Rxd4 Nxc3 11. bxc3 f6 12. Rb4 fxg5 13. Qxg5 Qa3+ 14.
Kd2 Rc8 15. Bb5+ Kf7 16. Qe5 g5 17. Rb3 Bg7 18. Qxg7+ Kxg7 19. Rxa3 a6 20. Bd3
Rhf8 21. Ke2 Bf5 22. Rb1 Rc7 23. Rb6 e5 24. Bxf5 Rxf5 25. Rab3 Rff7 26. Re6
Rfe7 27. Rxe7+ Rxe7 28. Rb6 Rc7 29. Kd2 e4 30. Rd6 Rf7 31. Ke2 Rc7 32. Rxd5
Rxc3 33. Kd2 Rc7 34. Rxg5+ Kf6 35. Rd5 Rg7 36. g3 Ke6 37. Rd4 Ke5 38. c4 Rf7
39. Ke2 Rc7 40. f4+ exf3+ 41. Kxf3 Rf7+ 42. Rf4 Rd7 43. Re4+ Kf5 44. Rd4 Rc7
45. g4+ Ke5 46. a4 Rf7+ 47. Rf4 Rc7 48. h4 Rd7 49. Re4+ Kf6 50. g5+ Kf7 51. Rd4
Rc7 52. e4 b6 53. Kf4 Rc5 54. e5 b5 55. axb5 axb5 56. cxb5 Rxb5 57. Kf5 Rb1 58.
h5 Rf1+ 59. Rf4 Rg1 60. e6+ Ke7 61. g6 hxg6+ 62. hxg6 Rg2 63. Rg4 Rf2+ 64. Ke4
Kf8 65. e7+ 1-0

[Event "ENCI Limburg-open B"]
[Site "Maastricht"]
[Date "2010.05.22"]
[Round "2"]
[White "Rodriguez, Abelardo"]
[Black "Mollema, Thomas"]
[Result "1-0"]
[WhiteElo "1734"]
[BlackElo "1888"]
[PlyCount "125"]
[EventDate "2010.05.21"]
[EventType "swiss"]
[EventRounds "7"]
[EventCountry "NED"]
[Source "P.Boonen"]
[SourceDate "2010.10.01"]

1. e4 e5 2. Nf3 Nc6 3. Bc4 Bc5 4. Nc3 Nf6 5. d3 d6 6. h3 Be6 7. Bb3 Qd7 8. Be3
Bxe3 9. fxe3 O-O-O 10. Qd2 h6 11. O-O-O Bxb3 12. axb3 d5 13. exd5 Nxd5 14. e4
Nf4 15. Nxe5 Nxe5 16. Qxf4 Ng6 17. Qf2 Kb8 18. Rhf1 Rhf8 19. Qc5 b6 20. Qf2 c6
21. Qg3+ Kb7 22. Rf2 Qe6 23. Rdf1 Rd7 24. Ne2 Re8 25. Nf4 Nxf4 26. Rxf4 f6 27.
Qg4 Qd6 28. Qh5 Ree7 29. Rf5 Qg3 30. Qf3 Qd6 31. Qf4 Qxf4+ 32. R5xf4 Re5 33.
Rf5 Rde7 34. g4 Kc7 35. Rxe5 fxe5 36. Kd2 Kd6 37. Rf8 c5 38. Kc3 Kc6 39. b4
cxb4+ 40. Kxb4 a5+ 41. Kc4 Re6 42. Rf7 g5 43. Rf8 b5+ 44. Kc3 Kb6 45. Rb8+ Kc6
46. Rc8+ Kb7 47. Rc5 Kb6 48. Rd5 Kc6 49. d4 exd4+ 50. Kxd4 Rf6 51. Rc5+ Kb6 52.
Kd5 a4 53. Rc3 Rf2 54. e5 b4 55. Rc8 Rd2+ 56. Ke6 Kb5 57. Ke7 b3 58. Rb8+ Kc4
59. cxb3+ axb3 60. e6 Rxb2 61. Ke8 Kd5 62. e7 Kd6 63. Kd8 1-0

[Event "ENCI Limburg-open B"]
[Site "Maastricht"]
[Date "2010.05.22"]
[Round "2"]
[White "Roufs, Gerard"]
[Black "Klein, Gernot"]
[Result "1/2-1/2"]
[WhiteElo "1984"]
[BlackElo "1903"]
[PlyCount "113"]
[EventDate "2010.05.21"]
[EventType "swiss"]
[EventRounds "7"]
[EventCountry "NED"]
[Source "P.Boonen"]
[SourceDate "2010.10.01"]

1. d4 d5 2. Nf3 c6 3. e3 Bf5 4. c4 e6 5. Nc3 h6 6. Be2 Nd7 7. O-O Ngf6 8. b3
Be7 9. Bb2 O-O 10. Rc1 Rc8 11. Bd3 Bxd3 12. Qxd3 Re8 13. Rfd1 Bf8 14. Rc2 c5
15. cxd5 cxd4 16. Nxd4 Nc5 17. Qe2 Nxd5 18. Nxd5 Qxd5 19. Nf3 Qh5 20. Rdc1 Rcd8
21. Bd4 b6 22. h3 e5 23. Ba1 Nd3 24. Rf1 e4 25. Nd4 Qxe2 26. Rxe2 Rc8 27. f3
exf3 28. gxf3 Bc5 29. Nf5 Nf4 30. Ree1 Kh7 31. Kh2 Ne6 32. Kg2 Ba3 33. Rf2 Nf4+
34. Kh2 Nd3 35. Rg1 g6 36. Rfg2 Rc5 37. Nd6 Re7 38. Ne4 Ne5 39. Rf1 Rc1 40.
Rgf2 Rxf1 41. Rxf1 Nd7 42. Rd1 f5 43. Rxd7 fxe4 44. Rxe7+ Bxe7 45. fxe4 Kg8 46.
Kg3 Kf7 47. Kf3 Ke6 48. Bg7 h5 49. e5 b5 50. a4 a6 51. Ke4 bxa4 52. bxa4 Kf7
53. Bh6 Ke6 54. Bf4 Bc5 55. Bg5 Bb6 56. Bf4 Bc5 57. Bg5 1/2-1/2

[Event "ENCI Limburg-open B"]
[Site "Maastricht"]
[Date "2010.05.22"]
[Round "2"]
[White "Scheeren, Fred"]
[Black "Beeren, Thom"]
[Result "1-0"]
[WhiteElo "2005"]
[BlackElo "1858"]
[PlyCount "89"]
[EventDate "2010.05.21"]
[EventType "swiss"]
[EventRounds "7"]
[EventCountry "NED"]
[Source "P.Boonen"]
[SourceDate "2010.10.01"]

1. e4 c5 2. Nf3 d6 3. d4 cxd4 4. Nxd4 Nf6 5. Nc3 a6 6. Be2 e6 7. Be3 Nbd7 8.
O-O Nc5 9. Bf3 Qc7 10. Qe2 Be7 11. Nb3 Nfd7 12. Nxc5 Nxc5 13. a4 b6 14. Rfd1
Bb7 15. g3 O-O 16. Bg2 Rad8 17. f4 Bf6 18. Ra3 d5 19. exd5 exd5 20. Qf2 Rfe8
21. Bd4 Bxd4 22. Qxd4 Ne4 23. Bf3 Qc5 24. Kg2 h6 25. Rb3 Nxc3 26. Rxc3 Qxd4 27.
Rxd4 Rd7 28. Kf2 f5 29. Re3 Kf8 30. Rxe8+ Kxe8 31. Ke3 Ke7 32. c3 g6 33. Rd2
Rd6 34. Kd4 a5 35. Re2+ Re6 36. Re5 Bc6 37. b3 Kd6 38. c4 Rf6 39. Bxd5 Bxd5 40.
Rxd5+ Ke7 41. h4 h5 42. c5 Rc6 43. Kc4 Ke6 44. Re5+ Kd7 45. Kb5 1-0

[Event "ENCI Limburg-open B"]
[Site "Maastricht"]
[Date "2010.05.22"]
[Round "2"]
[White "Singh, Marcel"]
[Black "Holwijn, Melvin"]
[Result "1/2-1/2"]
[WhiteElo "1917"]
[BlackElo "2021"]
[PlyCount "80"]
[EventDate "2010.05.21"]
[EventType "swiss"]
[EventRounds "7"]
[EventCountry "NED"]
[Source "P.Boonen"]
[SourceDate "2010.10.01"]

1. e4 e5 2. Nc3 Nf6 3. Bc4 Nc6 4. d3 d6 5. f4 Bg4 6. Nf3 exf4 7. Bxf4 Ne5 8.
Bxe5 dxe5 9. h3 Bxf3 10. Qxf3 Qe7 11. O-O-O O-O-O 12. g4 c6 13. Rdf1 h6 14. Ne2
Qc7 15. Ng3 Kb8 16. Nf5 g6 17. Ne3 Bg7 18. h4 Rd7 19. Rhg1 h5 20. g5 Ne8 21.
Qg3 a5 22. a4 Nd6 23. Kb1 Rc8 24. Bb3 b6 25. Qe1 Nb7 26. Rf3 Nc5 27. Qc3 Qa7
28. Rgf1 Rcc7 29. Nc4 Rd4 30. R1f2 Ne6 31. Ne3 Nf4 32. Ng2 Ne6 33. Ne3 b5 34.
Bxe6 fxe6 35. axb5 cxb5 36. Qb3 Qb6 37. Nd1 Rb4 38. Qa2 Ra4 39. Qb3 Rb4 40. Qa2
Ra4 1/2-1/2

[Event "ENCI Limburg-open B"]
[Site "Maastricht"]
[Date "2010.05.22"]
[Round "2"]
[White "Smit, Melvin"]
[Black "Uckerman, John"]
[Result "1-0"]
[WhiteElo "1883"]
[BlackElo "1706"]
[PlyCount "77"]
[EventDate "2010.05.21"]
[EventType "swiss"]
[EventRounds "7"]
[EventCountry "NED"]
[Source "P.Boonen"]
[SourceDate "2010.10.01"]

1. d4 Nf6 2. c4 e6 3. Nc3 Bb4 4. Qc2 c5 5. e3 Nc6 6. dxc5 Bxc5 7. a3 O-O 8. Nf3
d5 9. Be2 dxc4 10. Bxc4 a6 11. O-O Be7 12. Bd3 h6 13. b4 Bd7 14. Bb2 Rc8 15.
Qe2 b5 16. Rfd1 Re8 17. Rac1 Bf8 18. Ne4 Nd5 19. Nc5 Bxc5 20. Rxc5 Qe7 21. Bb1
Red8 22. Qd3 Nf6 23. Bxf6 Qxf6 24. Qh7+ Kf8 25. Be4 Ke7 26. Bb1 e5 27. Qc2 Bf5
28. Qc1 Rxd1+ 29. Qxd1 Rd8 30. Qc1 Bxb1 31. Qxb1 Qd6 32. Rc1 f5 33. Qc2 g6 34.
h3 Rc8 35. Rd1 Qe6 36. Qc5+ Kf7 37. Rd6 Qe8 38. Rxc6 Rxc6 39. Qxc6 1-0

[Event "ENCI Limburg-open B"]
[Site "Maastricht"]
[Date "2010.05.22"]
[Round "2"]
[White "Sofic, Narcis"]
[Black "O'Gorman, Brendan"]
[Result "1/2-1/2"]
[WhiteElo "1922"]
[BlackElo "1827"]
[PlyCount "34"]
[EventDate "2010.05.21"]
[EventType "swiss"]
[EventRounds "7"]
[EventCountry "NED"]
[Source "P.Boonen"]
[SourceDate "2010.10.01"]

1. d4 d5 2. Nf3 Nf6 3. c4 c6 4. Nc3 dxc4 5. a4 e5 6. Nxe5 Bb4 7. e3 Be6 8. Bxc4
Bxc4 9. Nxc4 Qd5 10. Nd2 Qxg2 11. Qf3 Qxf3 12. Nxf3 Nbd7 13. Bd2 O-O 14. Ne2
Bd6 15. Ng3 Rfe8 16. O-O Ne4 17. Kg2 Ndf6 1/2-1/2

[Event "ENCI Limburg-open B"]
[Site "Maastricht"]
[Date "2010.05.22"]
[Round "2"]
[White "Staudte, Rainer"]
[Black "Tsiros, Fragkiskos Vlasios"]
[Result "1-0"]
[WhiteElo "1947"]
[BlackElo "1712"]
[PlyCount "117"]
[EventDate "2010.05.21"]
[EventType "swiss"]
[EventRounds "7"]
[EventCountry "NED"]
[Source "P.Boonen"]
[SourceDate "2010.10.01"]

1. d4 d5 2. c4 c6 3. Nf3 Nf6 4. Nc3 e6 5. Bg5 Bd6 6. e3 Nbd7 7. Bd3 dxc4 8.
Bxc4 b5 9. Bd3 O-O 10. O-O Bb7 11. Rc1 Qe7 12. Ne4 Bb8 13. Qc2 h6 14. Nxf6+
Nxf6 15. Bh4 Rc8 16. Qe2 a6 17. Rfd1 Bd6 18. e4 e5 19. dxe5 Bxe5 20. Nxe5 Qxe5
21. Bg3 Qe6 22. Bb1 c5 23. Re1 c4 24. a3 Re8 25. f3 Rad8 26. Rcd1 Nh5 27. Bc7
Rd7 28. Rxd7 Qxd7 29. Ba5 f5 30. Qd2 Qxd2 31. Bxd2 fxe4 32. fxe4 Rd8 33. Ba5
Rd7 34. g3 Nf6 35. e5 Nd5 36. e6 Re7 37. Bg6 Bc8 38. Bf7+ Kf8 39. Re5 Bb7 40.
Bd8 Rxf7 41. exf7 Kxf7 42. Kf2 Bc6 43. Ba5 Kf6 44. Re1 Kf5 45. h3 Kf6 46. Bd2
h5 47. h4 g6 48. Bc3+ Kf7 49. Re5 Bb7 50. Bd4 Bc6 51. Rg5 Bb7 52. g4 Nf4 53.
Ke3 Nh3 54. Rc5 Ke8 55. gxh5 gxh5 56. Rxh5 Kd7 57. Rh6 Bc6 58. Rg6 a5 59. Rg3
1-0

[Event "ENCI Limburg-open B"]
[Site "Maastricht"]
[Date "2010.05.22"]
[Round "2"]
[White "Taverniers, Peter"]
[Black "Lasschuit, Rene1"]
[Result "0-1"]
[WhiteElo "1783"]
[BlackElo "1917"]
[PlyCount "112"]
[EventDate "2010.05.21"]
[EventType "swiss"]
[EventRounds "7"]
[EventCountry "NED"]
[Source "P.Boonen"]
[SourceDate "2010.10.01"]

1. c4 f5 2. Nc3 Nf6 3. g3 g6 4. Bg2 Bg7 5. Nf3 O-O 6. O-O d6 7. d4 e6 8. Re1
Ne4 9. Qd3 Nxc3 10. bxc3 e5 11. e4 c6 12. d5 c5 13. Bg5 Qe8 14. Qd2 Nd7 15. Bh6
Nb6 16. Bxg7 Kxg7 17. Qd3 Qf7 18. Nd2 Bd7 19. Rf1 f4 20. Qf3 Kh8 21. g4 Rg8 22.
h3 Rg7 23. Qe2 g5 24. f3 h5 25. Kf2 h4 26. Rab1 Bc8 27. Rb3 Qc7 28. Rfb1 Bd7
29. Qd3 Rgg8 30. Bf1 Rgb8 31. Be2 Kg7 32. Bd1 Kf6 33. R3b2 Na4 34. Rb3 Ke7 35.
Ra3 Nb6 36. Rab3 Nc8 37. R3b2 Kd8 38. Qc2 a5 39. a4 Ra6 40. Qb3 Rb6 41. Qa2
Rxb2 42. Rxb2 Ne7 43. Qb1 Kc8 44. Rb6 Ra8 45. Ke2 Kb8 46. Qb2 Nc8 47. Rb5 Bxb5
48. axb5 a4 49. Nb1 a3 50. Nxa3 Qa5 51. Nb1 Qa2 52. Qxa2 Rxa2+ 53. Nd2 Nb6 54.
Kd3 Na4 55. Bc2 Kc7 56. Nb1 Nb2+ 0-1

[Event "ENCI Limburg-open B"]
[Site "Maastricht"]
[Date "2010.05.22"]
[Round "2"]
[White "Timmermans, Stefan"]
[Black "Dittmar, Thomas"]
[Result "0-1"]
[WhiteElo "1865"]
[BlackElo "1969"]
[PlyCount "62"]
[EventDate "2010.05.21"]
[EventType "swiss"]
[EventRounds "7"]
[EventCountry "NED"]
[Source "P.Boonen"]
[SourceDate "2010.10.01"]

1. d4 Nf6 2. c4 c5 3. d5 e6 4. Nc3 exd5 5. cxd5 d6 6. e4 g6 7. f4 Bg7 8. Bb5+
Nfd7 9. Nf3 a6 10. Qa4 O-O 11. O-O Nb6 12. Qd1 axb5 13. Nxb5 Bg4 14. Re1 Na6
15. Rb1 Qd7 16. a4 Bxf3 17. gxf3 Nc7 18. e5 Nxb5 19. e6 fxe6 20. dxe6 Bd4+ 21.
Be3 Qe7 22. axb5 Bxe3+ 23. Rxe3 Rxf4 24. Qb3 Raf8 25. Rd1 d5 26. Rf1 Rb4 27.
Qc2 Qg5+ 28. Kf2 Nc4 29. Re2 Rxb2 30. e7 Re8 31. Qxc4 dxc4 0-1